Online Catalogue and eLibrary

Sanhidiyawa sandahaa liviima : (Record no. 5858)

MARC details
000 -LEADER
fixed length control field 00440nam a2200157Ia 4500
005 - DATE AND TIME OF LATEST TRANSACTION
control field 20250411021521.0
008 - FIXED-LENGTH DATA ELEMENTS--GENERAL INFORMATION
fixed length control field 240331s9999 xx 000 0 und d
020 ## - INTERNATIONAL STANDARD BOOK NUMBER
ISBN 9789551274665
082 ## - DDC Classification
Item Number - Author Mark SEL
Class No. 891
245 #0 - TITLE STATEMENT
Title Sanhidiyawa sandahaa liviima :
Remainder of title write to reconcile
260 ## - PUBLICATION, DISTRIBUTION, ETC.
Place of publication, distribution, etc. Colombo
Name of publisher, distributor, etc. National Peace Council of Sri Lanka
Date of publication, distribution, etc. 2014
300 ## - PHYSICAL DESCRIPTION
Extent (e.g. Volumes, Pages etc.) 375 p .,
650 ## - SUBJECT ADDED ENTRY--TOPICAL TERM
Topical term or geographic name entry element Short Stories
700 ## - ADDED ENTRY--PERSONAL NAME
Personal name Selvadorai, Shyam.
Relator term (Role) Editor
942 ## - Koha item type (Biblio)
Koha item type Books in Stacks (Lending)
Holdings
Lost status Damaged status Collection code Home library Current library Shelving location Date acquired Full call number Accession Number Item type
    Lending WERC Library WERC Library Social Science Cupboard 03/31/2024 891.48 SEL 6833 Books in Stacks (Lending)

© WERC Library